00342pab a2200121 454500008004000000100002400040245007200064260000900136300001100145362001100156650003600167773001700203180718b2004 xxu||||| |||| 00| 0 eng d aMukherjee, Dhurjati aChanging socio-economic parameters: alternative strategy imperative c2004 ap.4-5. a18 Sep aEconomic and social development aYoung Indian